[Event "Heraklion Gazi op 11th"]
[Site "Heraklion"]
[Date "2015.08.01"]
[Round "9"]
[White "Fragaki, Maria"]
[Black "Kolomvakis, Stelios"]
[Result "1/2-1/2"]
[WhiteElo "1919"]
[BlackElo "1819"]
[PlyCount "63"]
[EventDate "2015.07.25"]
[EventType "swiss"]
[EventRounds "9"]
[EventCountry "GRE"]
[SourceTitle "CBM 167 Extra"]
[Source "ChessBase"]
[SourceDate "2015.09.14"]
[SourceVersion "1"]
[SourceVersionDate "2015.09.14"]
[SourceQuality "1"]

1. e4 g6 2. d4 Bg7 3. Be3 d6 4. Nc3 Nd7 5. Qd2 e5 6. Nf3 Ne7 7. Bh6 0-0 8. Bxg7 Kxg7 9. 0-0-0 Nc6 10. dxe5 Ndxe5 11. Nxe5 dxe5 12. Qxd8 Rxd8 13. Rxd8 Nxd8 14. Nb5 Ne6 15. Bc4 Bd7 16. Rd1 Bxb5 17. Bxb5 Rd8 18. Rxd8 Nxd8 19. Kd2 c6 20. Bc4 Kf6 21. Ke3 Ne6 22. g3 Ke7 23. f4 f6 24. c3 g5 25. fxe5 fxe5 26. Be2 h6 27. b4 b6 28. Kd3 Kd6 29. a4 a5 30. Kc4 axb4 31. Kxb4 Nc5 32. Bf3 1/2-1/2

[Event "Heraklion Gazi op 11th"]
[Site "Heraklion"]
[Date "2015.07.27"]
[Round "4"]
[White "Goossens, Hanne"]
[Black "Fragaki, Maria"]
[Result "1-0"]
[WhiteElo "2206"]
[BlackElo "1919"]
[PlyCount "51"]
[EventDate "2015.07.25"]
[EventType "swiss"]
[EventRounds "9"]
[EventCountry "GRE"]
[SourceTitle "CBM 167 Extra"]
[Source "ChessBase"]
[SourceDate "2015.09.14"]
[SourceVersion "1"]
[SourceVersionDate "2015.09.14"]
[SourceQuality "1"]

1. e4 c5 2. Nf3 e6 3. d4 cxd4 4. Nxd4 a6 5. Bd3 Qc7 6. 0-0 Nf6 7. Qe2 d6 8. c4 Be7 9. Nc3 0-0 10. f4 Nbd7 11. Be3 b6 12. Rac1 Bb7 13. b4 Rac8 14. a3 g6 15. g4 e5 16. Nd5 Nxd5 17. cxd5 Qd8 18. Nc6 Qe8 19. f5 g5 20. Nxe7+ Qxe7 21. f6 Nxf6 22. Rxc8 Rxc8 23. Bxg5 Kg7 24. Bxf6+ Qxf6 25. Rxf6 Kxf6 26. Qf2+ 1-0

[Event "Heraklion Gazi op 11th"]
[Site "Heraklion"]
[Date "2015.07.26"]
[Round "2"]
[White "Papadakis, Michalis"]
[Black "Fragaki, Maria"]
[Result "1-0"]
[WhiteElo "2247"]
[BlackElo "1919"]
[PlyCount "63"]
[EventDate "2015.07.25"]
[EventType "swiss"]
[EventRounds "9"]
[EventCountry "GRE"]
[SourceTitle "CBM 167 Extra"]
[Source "ChessBase"]
[SourceDate "2015.09.14"]
[SourceVersion "1"]
[SourceVersionDate "2015.09.14"]
[SourceQuality "1"]

1. d4 Nf6 2. Bg5 b6 3. Bxf6 gxf6 4. Nf3 Bb7 5. g3 Bg7 6. Bg2 0-0 7. 0-0 e6 8. Qd3 f5 9. Nbd2 h6 10. c3 c5 11. a4 d5 12. Qe3 Nd7 13. Kh1 Rc8 14. Rg1 cxd4 15. Nxd4 Nf6 16. h3 Qd7 17. N2f3 Ne4 18. Nh4 Nd6 19. Qd3 Rc4 20. a5 Nb5 21. e3 Nxd4 22. exd4 Qb5 23. axb6 axb6 24. Qd2 Ra4 25. Bf1 Qb3 26. Rxa4 Qxa4 27. g4 f4 28. g5 hxg5 29. Rxg5 f6 30. Rg1 Kf7 31. Qxf4 Qc2 32. Qc7+ 1-0

[Event "Anogia op 4th"]
[Site "Anogia"]
[Date "2015.07.11"]
[Round "4"]
[White "Fragaki, Maria"]
[Black "Milonakis, Georgios"]
[Result "0-1"]
[WhiteElo "1919"]
[BlackElo "2223"]
[PlyCount "84"]
[EventDate "2015.07.09"]
[EventType "swiss"]
[EventRounds "9"]
[EventCountry "GRE"]
[SourceTitle "CBM 167 Extra"]
[Source "ChessBase"]
[SourceDate "2015.09.14"]
[SourceVersion "1"]
[SourceVersionDate "2015.09.14"]
[SourceQuality "1"]

1. e4 d6 2. d4 g6 3. Be3 Bg7 4. Nc3 c6 5. Qd2 b5 6. f3 a6 7. 0-0-0 Nd7 8. h4 h6 9. h5 g5 10. f4 b4 11. Nce2 Ndf6 12. Ng3 Ng4 13. fxg5 Nxe3 14. Qxe3 Qa5 15. Kb1 Be6 16. b3 Qxg5 17. Qxg5 hxg5 18. Nf3 Bg4 19. Bc4 Nf6 20. Rdf1 d5 21. exd5 cxd5 22. Bd3 Nxh5 23. Nxh5 Rxh5 24. Rxh5 Bxh5 25. Nxg5 Bf6 26. Rf5 Bg6 27. Rxd5 Bxd3 28. cxd3 e6 29. Ra5 Bxd4 30. Ne4 Bb6 31. Rh5 Ke7 32. g4 Rg8 33. g5 Be3 34. Kb2 Kf8 35. a3 f5 36. gxf6 Rg2+ 37. Kb1 Rg1+ 38. Kb2 Bd4+ 39. Kc2 Rg2+ 40. Kb1 Rb2+ 41. Kc1 bxa3 42. Ng5 Be3+ 0-1

[Event "Didymoteicho op 2nd"]
[Site "Didymoteicho"]
[Date "2015.05.29"]
[Round "2"]
[White "Blitsas, Orestis"]
[Black "Fragaki, Maria"]
[Result "0-1"]
[WhiteElo "1311"]
[BlackElo "1933"]
[PlyCount "60"]
[EventDate "2015.05.28"]
[EventType "swiss"]
[EventRounds "7"]
[EventCountry "GRE"]
[SourceTitle "CBM 166 Extra"]
[Source "ChessBase"]
[SourceDate "2015.06.18"]
[SourceVersion "1"]
[SourceVersionDate "2015.06.18"]
[SourceQuality "1"]

1. e4 c5 2. Nf3 b6 3. d3 e6 4. g3 Bb7 5. Bg2 Nc6 6. c3 Nf6 7. Nbd2 Rc8 8. 0-0 d5 9. e5 Ng4 10. d4 cxd4 11. cxd4 h5 12. Nb3 Ba6 13. Re1 Nb4 14. h3 Nh6 15. Bf1 Bxf1 16. Rxf1 Nf5 17. Bd2 Be7 18. Bxb4 Bxb4 19. a3 Be7 20. h4 g5 21. hxg5 Bxg5 22. Nxg5 Qxg5 23. Rc1 0-0 24. Kh2 Kg7 25. Kh3 Rxc1 26. Nxc1 h4 27. g4 Nh6 28. f4 Qg6 29. Rf2 Rc8 30. Re2 Rxc1 0-1

[Event "GRE-ch U20 Girls"]
[Site "Chania"]
[Date "2013.01.08"]
[Round "7"]
[White "Fragaki, Maria"]
[Black "Pavlidou, Ekaterini"]
[Result "1/2-1/2"]
[WhiteElo "1946"]
[BlackElo "2218"]
[PlyCount "99"]
[EventDate "2013.01.02"]
[EventType "tourn"]
[EventRounds "7"]
[EventCountry "GRE"]
[SourceTitle "EXT 2024"]
[Source "ChessBase"]
[SourceDate "2023.10.10"]
[SourceVersion "1"]
[SourceVersionDate "2023.10.10"]
[SourceQuality "1"]

1. e4 c5 2. Nf3 Nc6 3. d4 cxd4 4. Nxd4 Nf6 5. Nc3 e6 6. Ndb5 Bc5 7. Bf4 0-0 8. Bc7 Qe7 9. Bd6 Bxd6 10. Qxd6 Qd8 11. Qc7 Qxc7 12. Nxc7 Rb8 13. N7b5 d5 14. exd5 exd5 15. 0-0-0 Rd8 16. h3 d4 17. Ne2 Ne4 18. Rg1 Nxf2 19. Rd2 Ne4 20. Rd1 d3 21. Rxd3 Bd7 22. Nec3 Nxc3 23. Nxc3 Bf5 24. Rxd8+ Rxd8 25. Bc4 Rd4 26. Bb3 h5 27. Rf1 Bg6 28. Ne2 Rd6 29. Rd1 Rf6 30. Rd7 Rf2 31. Kd1 Be4 32. Ke1 Rf6 33. Bd5 Bxc2 34. Rxb7 a5 35. Rc7 Nb4 36. Bf3 Bg6 37. Nd4 Nd3+ 38. Ke2 Nxb2 39. Rc5 a4 40. Bxh5 Bb1 41. a3 Bd3+ 42. Ke3 Ba6 43. Be2 Bxe2 44. Kxe2 Rg6 45. Kf3 Nd3 46. Ra5 Rf6+ 47. Ke4 Nb2 48. g4 g6 49. h4 Rf1 50. h5 1/2-1/2

[Event "GRE-ch U20 Girls"]
[Site "Chania"]
[Date "2013.01.07"]
[Round "6"]
[White "Drakaki, Anna Maria"]
[Black "Fragaki, Maria"]
[Result "1/2-1/2"]
[WhiteElo "1939"]
[BlackElo "1946"]
[PlyCount "136"]
[EventDate "2013.01.02"]
[EventType "tourn"]
[EventRounds "7"]
[EventCountry "GRE"]
[SourceTitle "EXT 2024"]
[Source "ChessBase"]
[SourceDate "2023.10.10"]
[SourceVersion "1"]
[SourceVersionDate "2023.10.10"]
[SourceQuality "1"]

1. e4 c5 2. Nf3 b6 3. d4 cxd4 4. Nxd4 Bb7 5. Nc3 a6 6. Bg5 Qc7 7. Qf3 e6 8. 0-0-0 Bb4 9. Bf4 Qc8 10. Na4 Bc5 11. Qb3 Nf6 12. f3 Nh5 13. Bg5 h6 14. Be3 Qc7 15. Kb1 Nf6 16. Nxc5 bxc5 17. Ne2 c4 18. Qb4 a5 19. Qa3 Na6 20. Nd4 d5 21. Nb5 Qe7 22. Nd6+ Kf8 23. exd5 exd5 24. Bf4 Kg8 25. Nxc4 Qxa3 26. Nxa3 Nc5 27. Bd6 Ne6 28. Bd3 h5 29. Rhe1 Rd8 30. Be7 Re8 31. Bxf6 gxf6 32. Bf5 Kg7 33. Nb5 Bc6 34. Nc3 Nc7 35. h4 Re5 36. Rxe5 fxe5 37. Re1 Kf6 38. Bh3 Rb8 39. Kc1 Rh8 40. Kd2 Ne6 41. Ne2 Bb5 42. Bxe6 fxe6 43. Ng3 Be8 44. Ke3 Bg6 45. c3 Rc8 46. Ne2 Rc4 47. g3 Be8 48. b3 Rc7 49. g4 Bb5 50. g5+ Kg6 51. Kd2 Rf7 52. c4 dxc4 53. Nc3 Bd7 54. Rxe5 cxb3 55. axb3 Rxf3 56. Rxa5 Rf4 57. Ra7 Be8 58. Ra8 Bf7 59. Ra4 Rf2+ 60. Kd3 Rh2 61. Nd1 e5 62. Ra6+ Kg7 63. Ne3 Bg6+ 64. Kc3 Rxh4 65. Ra7+ Kf8 66. b4 Rh3 67. Kd2 Rg3 68. b5 Rxg5 1/2-1/2

[Event "GRE-ch U20 Girls"]
[Site "Chania"]
[Date "2013.01.05"]
[Round "4.3"]
[White "Terzidaki, Alexandra"]
[Black "Fragaki, Maria"]
[Result "1-0"]
[WhiteElo "1938"]
[BlackElo "1946"]
[PlyCount "63"]
[EventDate "2013.01.02"]
[EventType "tourn"]
[EventRounds "7"]
[EventCountry "GRE"]
[SourceTitle "EXT 2024"]
[Source "ChessBase"]
[SourceDate "2023.10.10"]
[SourceVersion "1"]
[SourceVersionDate "2023.10.10"]
[SourceQuality "1"]

1. e4 c5 2. Nf3 b6 3. d4 cxd4 4. Nxd4 Bb7 5. Nc3 a6 6. Be3 e6 7. Bd3 Qc7 8. 0-0 Nf6 9. Kh1 Bb4 10. f3 d5 11. exd5 Bxc3 12. d6 Qxd6 13. bxc3 Nd5 14. Bd2 Nd7 15. f4 h5 16. Qe1 h4 17. Nf5 Qc7 18. Nxg7+ Kf8 19. f5 h3 20. Nxe6+ fxe6 21. fxe6+ N5f6 22. e7+ Kf7 23. Kg1 hxg2 24. Rf4 Qc5+ 25. Be3 Qh5 26. Bc4+ Ke8 27. Qg3 Qh3 28. Qg6+ Kxe7 29. Qf7+ Kd6 30. Rxf6+ Kc7 31. Bf4+ Kd8 32. Be6 1-0

[Event "GRE-chT 39th"]
[Site "Eretria"]
[Date "2011.07.04"]
[Round "2.2"]
[White "Fragaki, Maria"]
[Black "Spirou, Marina"]
[Result "1-0"]
[WhiteElo "1927"]
[BlackElo "1897"]
[PlyCount "75"]
[EventDate "2011.07.03"]
[EventType "team-swiss"]
[EventRounds "7"]
[EventCountry "GRE"]
[SourceTitle "CBM 143 Extra"]
[Source "ChessBase"]
[SourceDate "2011.08.29"]
[SourceVersion "1"]
[SourceVersionDate "2011.08.29"]
[SourceQuality "1"]
[WhiteTeam "Chania Kydon"]
[BlackTeam "Peristeriou"]
[WhiteTeamCountry "GRE"]
[BlackTeamCountry "GRE"]

1. e4 c5 2. Nf3 e6 3. d4 cxd4 4. Nxd4 a6 5. Bd3 Bc5 6. Nb3 Be7 7. 0-0 d6 8. c4 Nf6 9. Nc3 b6 10. f4 Nbd7 11. Qe2 Qc7 12. Bd2 0-0 13. Rae1 g6 14. Rf3 Bb7 15. Rh3 Ne8 16. Qg4 Ng7 17. Rh6 Rfd8 18. Qh3 Nf8 19. f5 Bf6 20. g4 Qe7 21. Qe3 gxf5 22. exf5 Be5 23. Qf2 exf5 24. gxf5 Ne8 25. f6 Nxf6 26. Bg5 Ng6 27. Rxe5 dxe5 28. Bxf6 Qe6 29. Bxd8 Rxd8 30. Be2 Kg7 31. Rh5 Nf4 32. Rg5+ Kh8 33. Rg3 f5 34. Bf3 e4 35. Bxe4 Bxe4 36. Qxf4 Bb7 37. Qe3 Qd6 38. Nd5 1-0

[Event "Mediterranean-ch U20"]
[Site "Chania"]
[Date "2010.09.06"]
[Round "8"]
[White "El Mashaili, Khalil"]
[Black "Fragaki, Maria"]
[Result "0-1"]
[WhiteElo "1685"]
[BlackElo "1935"]
[PlyCount "94"]
[EventDate "2010.09.01"]
[EventType "swiss"]
[EventRounds "9"]
[EventCountry "GRE"]
[SourceTitle "CBM 138 Extra"]
[Source "ChessBase"]
[SourceDate "2010.10.29"]
[SourceVersion "1"]
[SourceVersionDate "2010.10.29"]
[SourceQuality "1"]

1. d4 Nf6 2. Nf3 b6 3. c4 e6 4. a3 Bb7 5. Nc3 d5 6. Bg5 Be7 7. e3 Nbd7 8. cxd5 exd5 9. Bd3 Ne4 10. Bxe7 Qxe7 11. Bxe4 dxe4 12. Nd2 f5 13. Qb3 c5 14. Nb5 Kd8 15. 0-0 Rf8 16. Rad1 a6 17. Nc3 cxd4 18. exd4 Qf7 19. Qxf7 Rxf7 20. Nc4 Rf6 21. Ne5 Ke7 22. Nxd7 Kxd7 23. Rc1 Rd6 24. Rfd1 Rc8 25. Ne2 a5 26. Rxc8 Bxc8 27. Kf1 Ba6 28. Ke1 g5 29. Kd2 f4 30. Ke1 Ke6 31. Nc3 Kf5 32. b4 axb4 33. axb4 Bd3 34. d5 Bc4 35. Ra1 Bxd5 36. Nxd5 Rxd5 37. Ra7 Rb5 38. Rxh7 Rxb4 39. Rf7+ Ke5 40. Re7+ Kd4 41. Rd7+ Kc3 42. Rd5 Rb1+ 43. Ke2 Rb2+ 44. Ke1 f3 45. gxf3 exf3 46. Rd1 b5 47. Rc1+ Rc2 0-1

[Event "Mediterranean-ch U20"]
[Site "Chania"]
[Date "2010.09.03"]
[Round "4"]
[White "Fragaki, Maria"]
[Black "Savvakis, Vasilios"]
[Result "1-0"]
[WhiteElo "1935"]
[BlackElo "1748"]
[PlyCount "151"]
[EventDate "2010.09.01"]
[EventType "swiss"]
[EventRounds "9"]
[EventCountry "GRE"]
[SourceTitle "CBM 138 Extra"]
[Source "ChessBase"]
[SourceDate "2010.10.29"]
[SourceVersion "1"]
[SourceVersionDate "2010.10.29"]
[SourceQuality "1"]

1. e4 e5 2. Bc4 Nf6 3. d3 Bc5 4. Nf3 d6 5. c3 Nc6 6. Nbd2 0-0 7. Bb3 h6 8. 0-0 Re8 9. h3 Bb6 10. Re1 Na5 11. Bc2 c5 12. Nf1 Nc6 13. Ng3 d5 14. Qe2 Bc7 15. Nh4 Be6 16. Nhf5 Ne7 17. Qf3 Nxf5 18. Nxf5 Bxf5 19. Qxf5 d4 20. Kh1 Rc8 21. cxd4 cxd4 22. Bb3 a6 23. Qg6 Kh8 24. Bxf7 Rf8 25. Be6 Ba5 26. Bxc8 Bxe1 27. Bxh6 gxh6 28. Qxh6+ Nh7 29. Bf5 Rxf5 30. exf5 Bxf2 31. Rf1 Be3 32. Qh5 Bg5 33. Re1 Bf6 34. Qf7 Qc8 35. Qg6 Qc6 36. Qh6 Qd7 37. Qg6 Qb5 38. Rc1 Qd7 39. Qg4 Qd8 40. Qe4 Qd7 41. h4 Bd8 42. Qxe5+ Bf6 43. Qf4 Qd8 44. Rc7 Qe8 45. Rc1 Be5 46. Qe4 Nf6 47. Qxb7 Qh5 48. Qa8+ Ng8 49. Qe4 Bf6 50. g3 Ne7 51. Rf1 Qf7 52. Qa8+ Kg7 53. Qf3 Nd5 54. Qg4+ Kh7 55. h5 Ne7 56. Qf3 Qxa2 57. g4 Qg8 58. Rg1 Qg5 59. Rf1 Be5 60. Kg2 Qh4 61. Rh1 Qg5 62. Re1 Bf6 63. Qe4 Qh4 64. Ra1 Qg5 65. Rxa6 Ng8 66. Ra7+ Kh8 67. Qe2 Ne7 68. Rd7 Kh7 69. b4 Kh6 70. Kf3 Nc6 71. Rd6 Ne5+ 72. Ke4 Nxg4 73. b5 Qg7 74. Kd5 Qb7+ 75. Kc5 Kxh5 76. Rxf6 1-0

[Event "GRE-ch U18 Girls"]
[Site "Peristeri"]
[Date "2010.01.06"]
[Round "5"]
[White "Fragaki, Maria"]
[Black "Manelidou, Maria"]
[Result "1-0"]
[WhiteElo "1904"]
[BlackElo "2055"]
[PlyCount "93"]
[EventDate "2010.01.03"]
[EventType "swiss"]
[EventRounds "9"]
[EventCountry "GRE"]
[SourceTitle "EXT 2011"]
[Source "ChessBase"]
[SourceDate "2010.11.26"]
[SourceVersion "1"]
[SourceVersionDate "2010.11.26"]
[SourceQuality "1"]

1. e4 e5 2. Nf3 Nc6 3. Bb5 a6 4. Ba4 d6 5. 0-0 Bd7 6. c3 g6 7. d4 Bg7 8. Bg5 Nge7 9. dxe5 dxe5 10. Qe2 0-0 11. Nbd2 h6 12. Be3 Kh7 13. Bc2 b6 14. Rad1 Be6 15. Nc4 Qb8 16. Bb3 Qb7 17. Bc1 a5 18. Ne3 Bxb3 19. axb3 Rad8 20. Rxd8 Nxd8 21. Nc4 f6 22. Rd1 Ne6 23. Rd7 Re8 24. Nd6 Qc6 25. Nxe8 Qxd7 26. Nxg7 Kxg7 27. g3 Nc5 28. Be3 Nxe4 29. Bxh6+ Kxh6 30. Qxe4 Qd1+ 31. Kg2 Qxb3 32. Nxe5 Qd5 33. Qxd5 Nxd5 34. Nd3 Kg5 35. Kf3 Kf5 36. h4 a4 37. c4 Ne7 38. g4+ Ke6 39. h5 gxh5 40. gxh5 f5 41. Kf4 Kf6 42. Nb4 c6 43. f3 b5 44. c5 Ke6 45. Kg5 Ng8 46. f4 Nf6 47. h6 1-0

[Event "GRE-ch U18 Girls"]
[Site "Peristeri"]
[Date "2010.01.04"]
[Round "2"]
[White "Fragaki, Maria"]
[Black "Spirou, Marina"]
[Result "1-0"]
[WhiteElo "1904"]
[BlackElo "1812"]
[PlyCount "65"]
[EventDate "2010.01.03"]
[EventType "swiss"]
[EventRounds "9"]
[EventCountry "GRE"]
[SourceTitle "EXT 2011"]
[Source "ChessBase"]
[SourceDate "2010.11.26"]
[SourceVersion "1"]
[SourceVersionDate "2010.11.26"]
[SourceQuality "1"]

1. e4 c5 2. Nf3 e6 3. d4 cxd4 4. Nxd4 a6 5. Bd3 Bc5 6. Nb3 Be7 7. c4 d6 8. Nc3 Nd7 9. 0-0 Ngf6 10. f4 b6 11. Qe2 Qc7 12. Bd2 Bb7 13. Rae1 h5 14. Kh1 Rc8 15. Nd4 Ng4 16. b4 g5 17. h3 gxf4 18. Bxf4 Bf6 19. Ndb5 axb5 20. Nxb5 Qc6 21. Nxd6+ Ke7 22. Nxc8+ Qxc8 23. hxg4 hxg4+ 24. Kg1 Bd4+ 25. Be3 Rh1+ 26. Kxh1 Qh8+ 27. Kg1 g3 28. Rxf7+ Ke8 29. Rf8+ Nxf8 30. Qf3 Qh2+ 31. Kf1 Bc3 32. Rd1 Bxb4 33. Bg1 1-0

[Event "Wch U16 Girls"]
[Site "Kemer"]
[Date "2009.11.12"]
[Round "1"]
[White "Shvayger, Yuliya"]
[Black "Fragaki, Maria"]
[Result "1-0"]
[WhiteElo "2202"]
[BlackElo "1870"]
[PlyCount "63"]
[EventDate "2009.11.12"]
[EventType "swiss"]
[EventRounds "11"]
[EventCountry "TUR"]
[SourceTitle "EXT 2010"]
[Source "ChessBase"]
[SourceDate "2010.11.25"]
[SourceVersion "1"]
[SourceVersionDate "2010.11.25"]
[SourceQuality "1"]

1. e4 c5 2. Nf3 e6 3. d4 cxd4 4. Nxd4 a6 5. Bd3 Qc7 6. 0-0 Nf6 7. Qe2 d6 8. c4 Nbd7 9. Nc3 Ne5 10. Kh1 Bd7 11. f4 Nxd3 12. Qxd3 Rc8 13. Qf3 Qxc4 14. Be3 e5 15. Nb3 h5 16. fxe5 Bg4 17. Qf4 dxe5 18. Qxe5+ Qe6 19. Qg5 Rxc3 20. bxc3 Nxe4 21. Qa5 Be7 22. Nd4 Qg6 23. Qe5 Nd6 24. Rae1 f6 25. Qa5 h4 26. Bf4 h3 27. g3 Ne4 28. Qd5 f5 29. Qxb7 Qh7 30. Qc8+ Kf7 31. Qe6+ Kf8 32. Rb1 1-0

[Event "Nikaia op 17th"]
[Site "Nikaia"]
[Date "2009.08.23"]
[Round "2"]
[White "Fragaki, Maria"]
[Black "Grigoriadis, Alexandros"]
[Result "0-1"]
[WhiteElo "1852"]
[BlackElo "2338"]
[PlyCount "88"]
[EventDate "2009.08.22"]
[EventType "swiss"]
[EventRounds "9"]
[EventCountry "GRE"]
[SourceTitle "CBM 132 Extra"]
[Source "ChessBase"]
[SourceDate "2009.11.03"]
[SourceVersion "1"]
[SourceVersionDate "2009.11.03"]
[SourceQuality "1"]

1. e4 g6 2. d4 Bg7 3. Be3 c6 4. f3 d5 5. Qd2 dxe4 6. fxe4 e5 7. dxe5 Qh4+ 8. Qf2 Qxf2+ 9. Bxf2 Nd7 10. Nc3 Nxe5 11. 0-0-0 Be6 12. Bd4 Kf8 13. Nf3 Nxf3 14. gxf3 Bxd4 15. Rxd4 Nf6 16. Rb4 Rb8 17. Na4 Nd7 18. Rd4 Ke7 19. Be2 Rhd8 20. Rhd1 g5 21. b3 b5 22. Nb2 Ne5 23. a4 Rxd4 24. Rxd4 c5 25. Rd1 b4 26. Nd3 Nxd3+ 27. Bxd3 Rd8 28. Bf1 Rd4 29. Rd2 Kd6 30. Rxd4+ cxd4 31. Kd2 Ke5 32. Bg2 a5 33. Kd3 f5 34. Bh1 h5 35. Bg2 h4 36. Ke2 fxe4 37. fxe4 g4 38. Kd3 Bc8 39. Kc4 h3 40. Bh1 Ba6+ 41. Kc5 Bf1 42. Kb6 Bg2 43. Kxa5 Bxh1 44. Kxb4 Bxe4 0-1

[Event "GRE-chT 37th"]
[Site "Kallithea"]
[Date "2009.07.08"]
[Round "8"]
[White "Fragaki, Maria"]
[Black "Spirou, Marina"]
[Result "1/2-1/2"]
[WhiteElo "1852"]
[BlackElo "1791"]
[PlyCount "92"]
[EventDate "2009.07.03"]
[EventType "team-tourn"]
[EventRounds "9"]
[EventCountry "GRE"]
[SourceTitle "CBM 131 Extra"]
[Source "ChessBase"]
[SourceDate "2009.09.03"]
[SourceVersion "2"]
[SourceVersionDate "2009.09.16"]
[SourceQuality "1"]

1. e4 c5 2. Nf3 e6 3. d4 cxd4 4. Nxd4 a6 5. Bd3 Qc7 6. 0-0 Nf6 7. Qe2 Nc6 8. Nxc6 bxc6 9. c4 h5 10. f4 Ng4 11. Be3 Qa5 12. Kh1 Nxe3 13. Qxe3 Bc5 14. Qe2 Bd4 15. Nd2 c5 16. e5 Qc7 17. Ne4 Rb8 18. Nd6+ Ke7 19. Rab1 Bb7 20. Be4 Bc6 21. Bxc6 Qxc6 22. Rf3 h4 23. h3 Rh6 24. f5 Rf8 25. Rbf1 Bxe5 26. Nxf7 Rxf7 27. Qxe5 d6 28. Qe1 e5 29. Rb3 Kf6 30. Rff3 Rh5 31. Qa5 Rxf5 32. Qd8+ Ke6 33. Rxf5 Kxf5 34. Qxh4 Ke6 35. Rb8 e4 36. Qg4+ Ke5 37. Rh8 Rf1+ 38. Kh2 Qb7 39. Rh5+ Kf6 40. Qg5+ Kf7 41. Rh7 Qxb2 42. Qd5+ Kg6 43. Qh5+ Kf6 44. Qh4+ Kf7 45. Qh5+ Kf6 46. Qh4+ Kf7 1/2-1/2

[Event "GRE-chT 37th"]
[Site "Kallithea"]
[Date "2009.07.05"]
[Round "5"]
[White "Fragaki, Maria"]
[Black "Barbageorgopoulou, Despina"]
[Result "1/2-1/2"]
[WhiteElo "1852"]
[BlackElo "1745"]
[PlyCount "143"]
[EventDate "2009.07.03"]
[EventType "team-tourn"]
[EventRounds "9"]
[EventCountry "GRE"]
[SourceTitle "CBM 131 Extra"]
[Source "ChessBase"]
[SourceDate "2009.09.03"]
[SourceVersion "2"]
[SourceVersionDate "2009.09.16"]
[SourceQuality "1"]

1. e4 e5 2. Bc4 Nf6 3. d3 Be7 4. Nf3 d6 5. 0-0 0-0 6. Bb3 Bg4 7. h3 Bh5 8. Nbd2 Nbd7 9. c3 c6 10. Re1 Qc7 11. Nf1 d5 12. Ng3 Bg6 13. Bc2 Ne8 14. Qe2 Bf6 15. Bg5 Bxg5 16. Nxg5 Nd6 17. Nf3 Rae8 18. Nh4 Re6 19. Nhf5 Bxf5 20. exf5 Rf6 21. Qg4 g6 22. d4 e4 23. f3 Nxf5 24. Nxf5 Rxf5 25. fxe4 Nf6 26. Qd1 dxe4 27. Bxe4 Rg5 28. Qd2 Qg3 29. Re3 Qd6 30. Rae1 Nh5 31. Rf3 Qd8 32. c4 f5 33. Bc2 c5 34. d5 f4 35. Qe2 Qb6 36. Qe6+ Qxe6 37. dxe6 Re8 38. Kf2 Re7 39. Rd3 Ng7 40. Rd5 Rg3 41. Rde5 Re3 42. R1xe3 fxe3+ 43. Kxe3 Rxe6 44. Rxe6 Nxe6 45. Ke4 Kf7 46. Ke5 Ke7 47. Be4 Nd8 48. Kd5 Ne6 49. Ke5 Nd8 50. Bf3 h6 51. g3 Nf7+ 52. Kd5 b6 53. a3 Nd6 54. b4 Nf5 55. bxc5 Ne3+ 56. Kd4 Nc2+ 57. Kc3 Nxa3 58. Be4 b5 59. cxb5 Nxb5+ 60. Kc4 Nc7 61. Bxg6 a5 62. Bc2 Ke6 63. c6 Kd6 64. Ba4 Nd5 65. Bb5 Nb4 66. Kb3 Nxc6 67. Ka4 Nd4 68. Bd3 Nc6 69. Be4 Nd4 70. Kxa5 Ne2 71. g4 Nf4 72. h4 1/2-1/2

[Event "GRE-ch U16 Girls"]
[Site "Kallithea"]
[Date "2009.06.30"]
[Round "8"]
[White "Fragaki, Maria"]
[Black "Spirou, Marina"]
[Result "1-0"]
[WhiteElo "1885"]
[BlackElo "1795"]
[PlyCount "87"]
[EventDate "2009.06.25"]
[EventType "swiss"]
[EventRounds "9"]
[EventCountry "GRE"]
[SourceTitle "EXT 2011"]
[Source "ChessBase"]
[SourceDate "2010.11.26"]
[SourceVersion "1"]
[SourceVersionDate "2010.11.26"]
[SourceQuality "1"]

1. e4 c5 2. Nf3 e6 3. d4 cxd4 4. Nxd4 a6 5. Bd3 Qc7 6. 0-0 Nf6 7. c4 Bd6 8. h3 Nc6 9. Nxc6 bxc6 10. Be3 Be5 11. Qc2 Nh5 12. Rd1 c5 13. Nc3 Bb7 14. Bf1 0-0 15. Na4 d6 16. g4 f5 17. gxh5 Bxe4 18. Bd3 Bf3 19. Nc3 Qe7 20. Kf1 Qh4 21. Ne2 Qxh3+ 22. Ke1 Bxe2 23. Qxe2 Rab8 24. Rab1 Bf6 25. Kd2 Rxb2+ 26. Rxb2 Bxb2 27. Rb1 Ba3 28. Kc2 e5 29. Rb3 Bb4 30. a3 Ba5 31. Bg5 Qh1 32. Be7 Re8 33. Bxd6 e4 34. Kb2 Rd8 35. Rb8 Kf7 36. Rxd8 Bxd8 37. Bb1 Bf6+ 38. Ka2 Bd4 39. Bf4 Qh4 40. Be3 Qf6 41. f3 Bxe3 42. Qxe3 Qe6 43. fxe4 Qxc4+ 44. Qb3 1-0

[Event "GRE-ch U16 Girls"]
[Site "Kallithea"]
[Date "2009.06.29"]
[Round "7"]
[White "Hristodoulaki, Antonia"]
[Black "Fragaki, Maria"]
[Result "0-1"]
[WhiteElo "1857"]
[BlackElo "1885"]
[PlyCount "92"]
[EventDate "2009.06.25"]
[EventType "swiss"]
[EventRounds "9"]
[EventCountry "GRE"]
[SourceTitle "EXT 2011"]
[Source "ChessBase"]
[SourceDate "2010.11.26"]
[SourceVersion "1"]
[SourceVersionDate "2010.11.26"]
[SourceQuality "1"]

1. e4 c5 2. Nf3 e6 3. c4 b6 4. Nc3 Bb7 5. Be2 Nf6 6. 0-0 a6 7. Qc2 Nc6 8. Bd1 Qc7 9. d3 Bd6 10. Be3 Ng4 11. h3 h5 12. Re1 Nxe3 13. fxe3 Bg3 14. Rf1 Ne5 15. Nxe5 Bxe5 16. Bf3 g5 17. Kf2 0-0-0 18. Ke1 Rde8 19. Kd1 f5 20. exf5 Bxc3 21. bxc3 exf5 22. Qf2 Bc6 23. Kd2 g4 24. Bxc6 Qxc6 25. h4 Qe6 26. a4 a5 27. g3 Rh7 28. Rae1 Rf7 29. Qg2 Kc7 30. Qd5 Qf6 31. d4 cxd4 32. cxd4 Qe7 33. Qb5 Qa3 34. Re2 Qa2+ 35. Ke1 Qa3 36. Kf2 f4 37. Qxh5 Rxe3 38. Qxf7 Rf3+ 39. Kg2 Rxg3+ 40. Kf2 Rf3+ 41. Kg2 Rg3+ 42. Kf2 Qf3+ 43. Ke1 Qc3+ 44. Kf2 Qxd4+ 45. Ke1 Qa1+ 46. Kd2 Qc3+ 0-1

[Event "GRE-ch U16 Girls"]
[Site "Kallithea"]
[Date "2009.06.28"]
[Round "5"]
[White "Pavlidou, Ekaterini"]
[Black "Fragaki, Maria"]
[Result "1-0"]
[WhiteElo "2162"]
[BlackElo "1885"]
[PlyCount "71"]
[EventDate "2009.06.25"]
[EventType "swiss"]
[EventRounds "9"]
[EventCountry "GRE"]
[SourceTitle "EXT 2011"]
[Source "ChessBase"]
[SourceDate "2010.11.26"]
[SourceVersion "1"]
[SourceVersionDate "2010.11.26"]
[SourceQuality "1"]

1. d4 Nf6 2. c4 e6 3. Nc3 Bb4 4. Qc2 c5 5. dxc5 0-0 6. a3 Bxc5 7. Nf3 b6 8. Bg5 Bb7 9. e3 Be7 10. Be2 d6 11. 0-0 a6 12. Rfd1 Qc7 13. Rac1 Nbd7 14. b4 Rac8 15. Qb3 h6 16. Bh4 Bxf3 17. gxf3 Ne5 18. Nb1 Rfd8 19. Nd2 Ng6 20. Bg3 Qb7 21. Qb1 h5 22. h3 h4 23. Bh2 d5 24. Kg2 Bd6 25. Bxd6 Rxd6 26. Ne4 Nxe4 27. fxe4 Rcd8 28. exd5 exd5 29. Bf3 Ne5 30. Bxd5 Qe7 31. Rd4 Rg6+ 32. Kh1 Rxd5 33. cxd5 Qd7 34. Rxh4 Nf3 35. Rh5 Ng5 36. Qc2 1-0